000 00624nam a2200241 i 4500
001 C2-0127112
003 PPAK
005 20180727115937.0
008 970916s1992 enk |||| ||||| | eng d
020 _a0745145469
040 _aPPAK
_beng
_cPPAK
_erda
082 0 4 _a823
_223
090 0 0 _a823
_bHOG
_dK
100 1 _aHogan, Ray,
_eauthor
245 1 0 _aHell to hallelujah
264 1 _aGreat Britain :
_bGunsmoke ,
_c1992
300 _a128 pages ;
_c19 cm
336 _2rdacontent
_atext
337 _2rdamedia
_aunmediated
338 _2rdacarrier
_avolume
650 1 0 _aChildren's stories, English
942 _ddc
_cB
999 _c37846
_d37846